Random Words in Albanian - Statistics

General Stats
  • This quiz has been taken 85 times
  • The average score is 13 of 18
Answer Stats
Hint Answer % Correct
Lule Flower
87%
Shqiponjë Eagle
81%
Fjalë Word
81%
I shpejtë Fast
79%
Botë World
79%
Dhe And
78%
Lexoj Read
78%
Flutur Butterfly
76%
Fëmijë Child
72%
Hënë Moon
72%
Kryeministër Prime minister
72%
I ri New
70%
Këndoj Sing
70%
Por But
66%
Mal Mountain
64%
Ec Walk
64%
Kombëtar National
49%
Megjithatë Nevertheless
19%
No matching quizzes found
Score Distribution
Percent of People with Each Score
Percentile by Number Answered
Your Score History
You have not taken this quiz